ARRUPE JESUIT UNIVERSITY

CORONAVIRUS -STOP THE SPREAD - CLEAN,DISINFECT,COVER

A great deal of nonsense (Record no. 124136)

MARC details
000 -LEADER
fixed length control field 00459nam a22001457a 4500
008 - FIXED-LENGTH DATA ELEMENTS--GENERAL INFORMATION
fixed length control field 160210b xxu||||| |||| 00| 0 eng d
050 ## - LIBRARY OF CONGRESS CALL NUMBER
Classification number HC910.H737
100 ## - MAIN ENTRY--PERSONAL NAME
Personal name Hollaway, John
9 (RLIN) 22193
245 ## - TITLE STATEMENT
Title A great deal of nonsense
Statement of responsibility, etc John Hollaway
260 ## - PUBLICATION, DISTRIBUTION, ETC. (IMPRINT)
Place of publication, distribution, etc Zimbabwe
Name of publisher, distributor, etc Capricorn Books
Date of publication, distribution, etc 2003
300 ## - PHYSICAL DESCRIPTION
Extent x, 326p. ;
Dimensions 21cm.
650 ## - SUBJECT ADDED ENTRY--TOPICAL TERM
Topical term or geographic name as entry element Economic conditions
Chronological subdivision 1980
Geographic subdivision Zimbabwe
9 (RLIN) 22194
650 ## - SUBJECT ADDED ENTRY--TOPICAL TERM
Topical term or geographic name as entry element Description and travel
Geographic subdivision Zimbabwe
9 (RLIN) 22195
942 ## - ADDED ENTRY ELEMENTS (KOHA)
Source of classification or shelving scheme Library of Congress Classification
Item type Monograph ( Printed materials)
Holdings
Withdrawn status Lost status Source of classification or shelving scheme Damaged status Not for loan Collection code Home library Current library Shelving location Date acquired Total Checkouts Full call number Barcode Date last seen Date last borrowed Price effective from Koha item type
    Library of Congress Classification     Main Collection ARRUPE LIBRARY ARRUPE LIBRARY Main Collection 10/02/2016 1 HC910.H737 46500006210 26/05/2022 17/10/2016 10/02/2016 Monograph ( Printed materials)

 

Arrupe Library. PO Box MP320 Mt Pleasant, Harare, Zimbabwe
263 242 745411|librarian@aju.ac.zw